<?xml version="1.0" encoding="UTF-8"?><?xml-stylesheet type="text/xsl" href="static/style.xsl"?><OAI-PMH xmlns="http://www.openarchives.org/OAI/2.0/" xmlns:xsi="http://www.w3.org/2001/XMLSchema-instance" xsi:schemaLocation="http://www.openarchives.org/OAI/2.0/ http://www.openarchives.org/OAI/2.0/OAI-PMH.xsd"><responseDate>2026-04-30T06:50:35Z</responseDate><request verb="GetRecord" identifier="oai:riubu.ubu.es:10259/11417" metadataPrefix="marc">https://riubu.ubu.es/oai/request</request><GetRecord><record><header><identifier>oai:riubu.ubu.es:10259/11417</identifier><datestamp>2026-02-26T01:05:49Z</datestamp><setSpec>com_10259_5238</setSpec><setSpec>com_10259_5086</setSpec><setSpec>com_10259_2604</setSpec><setSpec>col_10259_6212</setSpec></header><metadata><record xmlns="http://www.loc.gov/MARC21/slim" xmlns:doc="http://www.lyncode.com/xoai" xmlns:xsi="http://www.w3.org/2001/XMLSchema-instance" xmlns:dcterms="http://purl.org/dc/terms/" xsi:schemaLocation="http://www.loc.gov/MARC21/slim http://www.loc.gov/standards/marcxml/schema/MARC21slim.xsd">
<leader>00925njm 22002777a 4500</leader>
<datafield tag="042" ind1=" " ind2=" ">
<subfield code="a">dc</subfield>
</datafield>
<datafield tag="720" ind1=" " ind2=" ">
<subfield code="a">Gamero Igea, Germán</subfield>
<subfield code="e">author</subfield>
</datafield>
<datafield tag="260" ind1=" " ind2=" ">
<subfield code="c">2017-02</subfield>
</datafield>
<datafield tag="520" ind1=" " ind2=" ">
<subfield code="a">Considerado como uno de los departamentos privados de soberano, la Capilla de Fernando II muestra una importante conexión con la esfera cortesana y la vida política durante el reinado. En el presente estudio se mostrarán algunos de los rasgos que definieron el servicio religioso a lo largo del reinado así como algunos de sus principales artífices y colaboradores. La dimensión institucional, la religiosidad, la conexión con las elites regnícolas así como su diferencial participación en la vida política (y religiosa) de los reinos serán nuestros hilos rectores.</subfield>
</datafield>
<datafield tag="520" ind1=" " ind2=" ">
<subfield code="a">Considered  one  of  the  king’s  private  de-partments,   Ferdinand   ii’s   royal   chapel,   construc-ted  in  the  Aragonese  tradition,  shows  an  important  connection between the courtly sphere and political life  during  his  reign.  During  this  period,  the  royal  clergy  was  especially  active  both  inside  and  outsi-de  the  court.  In  this  article  we  will  try  to  emphasize  how  the  royal  clergy  took  on  the  different  changes  of  Ferdinand’s  government  and  how  the  king’s  cle-rics established their ties inside and outside the royal entourage.</subfield>
</datafield>
<datafield tag="024" ind2=" " ind1="8">
<subfield code="a">1133-0104</subfield>
</datafield>
<datafield tag="024" ind2=" " ind1="8">
<subfield code="a">https://hdl.handle.net/10259/11417</subfield>
</datafield>
<datafield tag="024" ind2=" " ind1="8">
<subfield code="a">10.15581/007.26.259-284</subfield>
</datafield>
<datafield ind1=" " ind2=" " tag="653">
<subfield code="a">Fernando ii de Aragón</subfield>
</datafield>
<datafield ind1=" " ind2=" " tag="653">
<subfield code="a">Capilla</subfield>
</datafield>
<datafield ind1=" " ind2=" " tag="653">
<subfield code="a">Corte</subfield>
</datafield>
<datafield ind1=" " ind2=" " tag="653">
<subfield code="a">Reforma</subfield>
</datafield>
<datafield ind1=" " ind2=" " tag="653">
<subfield code="a">Inquisición</subfield>
</datafield>
<datafield ind1=" " ind2=" " tag="653">
<subfield code="a">Ferdinand ii of Aragon</subfield>
</datafield>
<datafield ind1=" " ind2=" " tag="653">
<subfield code="a">Royal Chapel</subfield>
</datafield>
<datafield ind1=" " ind2=" " tag="653">
<subfield code="a">Reform</subfield>
</datafield>
<datafield tag="245" ind1="0" ind2="0">
<subfield code="a">Una aproximación a la integración del servicio religioso en la Corte de Fernando el Católico: su papel dentro y fuera del séquito regio</subfield>
</datafield>
</record></metadata></record></GetRecord></OAI-PMH>